| 000 | 00436nam a2200133Ia 4500 | ||
|---|---|---|---|
| 008 | 191111s9999 xx 000 0 und d | ||
| 020 | _a9780749476304 | ||
| 100 | _aMattox, John R. | ||
| 245 |
_cJohn R. Mattox II.-- _aLearning analytics : _bmeasurement innovations tosupport employee development / |
||
| 260 |
_aLondon : _bKogan Page _c2016 |
||
| 300 | _a327 pages. | ||
| 650 | _aOrganizational learning | ||
| 650 | _aPersonnel management | ||
| 999 |
_c362672 _d362672 |
||